Óriási károkat okoznak a tolvajok és az időjárás Füvészkertből fűrészkert?
Elmentve itt :
| Dokumentumtípus: | Cikk |
|---|---|
| Megjelent: |
2001-03-20
|
| Sorozat: | Délmagyarország
|
| Kulcsszavak: | Füvészkert |
| Online Access: | http://univ.bibl.u-szeged.hu/20002 |
| LEADER | 00484nab a2200157 i 4500 | ||
|---|---|---|---|
| 001 | univ20002 | ||
| 005 | 20171214104658.0 | ||
| 008 | 171214s2001 hu o 0|| zxx d | ||
| 040 | |a SZTE UnivHistória Repozitórium |b hun | ||
| 041 | |a zxx | ||
| 245 | 0 | 0 | |a Óriási károkat okoznak a tolvajok és az időjárás |h [elektronikus dokumentum] : |b Füvészkertből fűrészkert? |
| 260 | |c 2001-03-20 | ||
| 300 | |a 9 | ||
| 490 | 0 | |a Délmagyarország | |
| 561 | |a Egyetemi hirarchívum | ||
| 695 | |a Füvészkert | ||